| 000 | 01138cam a2200349 a 4500 | ||
|---|---|---|---|
| 999 |
_c25362 _d25362 |
||
| 001 | 15509466 | ||
| 003 | BDDh-ASL | ||
| 005 | 20231015030500.0 | ||
| 008 | 081104s2008 bg a b 011 0 eng | ||
| 010 | _a 2008319665 | ||
| 020 | _a9847016900334 | ||
| 025 | _aB-E-2008-319665; 21 | ||
| 037 |
_bLibrary of Congress -- New Delhi Overseas Office _cTK500.00 ($08.00 U.S.) |
||
| 040 |
_aDLC _cDLC _dDLC _dBDDh-ASL |
||
| 041 | 0 |
_aeng _aben |
|
| 042 | _alcode | ||
| 043 | _aa-ii--- | ||
| 050 | 0 | 0 |
_aDS485.B46 _bA25 2008 |
| 082 |
_a928 _bABD |
||
| 245 | 0 | 0 |
_aAbdul Karim commemoration volume / _ceditor Shamsul Hossain. |
| 260 |
_aDhaka : _bAdorn Publication, _c2008. |
||
| 300 |
_axiv, 248 p. : _bill. ; _c22 cm. |
||
| 504 | _aIncludes bibliographical references and index. | ||
| 520 | _aContributed articles predominantly on historical related topics of Bengal. | ||
| 546 | _aEnglish and Bengali. | ||
| 651 | 0 |
_aBengal (India) _xHistory. |
|
| 700 | 1 |
_aKarim, Abdul, _d1928-2007. |
|
| 700 | 1 | _aHossain, Shamsul. | |
| 906 |
_a7 _bcbc _corigode _d3 _encip _f20 _gy-gencatlg |
||
| 942 |
_2ddc _cBK |
||